Bu$hi- 6'O Clock - Statistiques

Statistiques générales
  • Ce quiz a été pris 23 fois
  • Le résultat moyen est 113 sur 184
Statistiques - réponses
Paroles % Correct
big
100%
bigo
100%
bitch
100%
C'est
100%
c'est
100%
elle
100%
mon
100%
pas
100%
qu'appelle
100%
sur
100%
ta
100%
qui
95%
son
95%
a
90%
est
90%
négro
90%
pige
90%
pour
90%
pourquoi
90%
6 O'clock
85%
brock
85%
6'O Clock
80%
et
80%
j'ai
80%
moi
80%
solo
80%
en
75%
fais
75%
j'le
75%
bombe
70%
la
70%
lacher
70%
Mcqueen
70%
Rick
70%
bag
65%
drop
65%
j'suis
65%
j'vais
65%
tombe
65%
distro
60%
du
60%
fait
60%
ma
60%
jamais
55%
on
55%
sicko
55%
trouvé
55%
cash
50%
cheat
50%
codes
50%
des
50%
pocket
50%
mes
45%
j'fais
40%
un
40%
eh
35%
folles
35%
sons
35%
vie
35%
avec
30%
eu
30%
micro
30%
ordi
30%
pockets
30%
Rocket
30%
Team
30%
ah
25%
cieux
25%
comme
25%
d'autres
25%
d'changer
25%
j'm'enferme
25%
jolies
25%
journées
25%
j'viens
25%
nuit
25%
plus
25%
qu'mes
25%
sais
25%
soient
25%
vers
25%
yeah
25%
grolles
20%
j'm'envole
20%
tu
20%
j'sors
15%
kich
15%
une
10%
d'petites
5%
Aucun quiz correspondant
Distribution des résultats
% des personnes avec chaque résultat
Percentile par nombre de réponses
Votre historique - résultats
Vous n’avez pas pris ce quiz